Zdobywcy La Liga - Nagła śmierć - Statystyki

Ogólne statystyki
  • Ten quiz został rozwiązany 80 razy
  • Średni wynik to 6 z 9
Answers on the Grid
Answers color-coded by a green-red scale on the quiz's grid according to % correct below.
Almeria
Athletic Bilbao
Atletico Madryt
Burgos
Cadiz
Castellon
Celta
Cordoba
Deportivo Alaves
Deportivo de La Coruna
Elche
Espanyol
FC Barcelona
Getafe
Girona
Las Palmas
Levante
Malaga
Mallorca
Osasuna
Racing Santander
Rayo
Real Betis
Real Madryt
Real Oviedo
Real Sociedad
Sevilla
Sporting Gijon
Valencia
Villarreal
 
Statystyki odpowiedzi
Odpowiedź % Poprawnych
Atletico Madryt
95%
FC Barcelona
78%
Real Madryt
71%
Athletic Bilbao
65%
Sevilla
60%
Valencia
58%
Deportivo de La Coruna
51%
Real Betis
44%
Real Sociedad
36%
Nie znaleziono quizów pasujących do podanych kryteriów
Rozkład punktacji
Procent ludzi z każdym wynikiem
Percentyl według liczby udzielonych odpowiedzi
Twoja historia wyników
Nie rozwiązałeś tego quizu